[Event "Rostock SSC op 18th"]
[Site "Rostock"]
[Date "2019.08.10"]
[Round "6"]
[White "Ziemann, Christian"]
[Black "Fromm, Marius"]
[Result "1-0"]
[WhiteElo "1877"]
[BlackElo "2130"]
[PlyCount "73"]
[EventDate "2019.08.07"]
[EventType "swiss"]
[EventRounds "7"]
[EventCountry "GER"]
[SourceTitle "EXT 2020"]
[Source "ChessBase"]
[SourceDate "2019.10.17"]
[SourceVersion "1"]
[SourceVersionDate "2019.10.17"]
[SourceQuality "1"]

1. e4 e5 2. Nf3 Nc6 3. Bc4 Bc5 4. c3 Nf6 5. d4 exd4 6. cxd4 Bb4+ 7. Nc3 Nxe4 8. 0-0 Bxc3 9. d5 Bf6 10. Re1 Ne7 11. Rxe4 d6 12. Bg5 Bxg5 13. Nxg5 h6 14. Qe2 hxg5 15. Re1 Be6 16. dxe6 f6 17. Re3 Kf8 18. Rh3 Rxh3 19. gxh3 g6 20. Qf3 Kg7 21. Qxb7 Qb8 22. Qf3 Qb4 23. Re3 Rb8 24. Rb3 Qe1+ 25. Bf1 Rxb3 26. Qxb3 c6 27. Qb8 Qxe6 28. Qxa7 Kf7 29. a4 g4 30. h4 Qd5 31. a5 Ke6 32. a6 Qa5 33. Qb7 Nf5 34. a7 Nxh4 35. a8Q Nf3+ 36. Kh1 Qh5 37. Qbc8+ 1-0

[Event "Rostock SSC op 18th"]
[Site "Rostock"]
[Date "2019.08.09"]
[Round "5"]
[White "Hoelss, Manuel"]
[Black "Ziemann, Christian"]
[Result "0-1"]
[WhiteElo "1728"]
[BlackElo "1877"]
[PlyCount "68"]
[EventDate "2019.08.07"]
[EventType "swiss"]
[EventRounds "7"]
[EventCountry "GER"]
[SourceTitle "EXT 2020"]
[Source "ChessBase"]
[SourceDate "2019.10.17"]
[SourceVersion "1"]
[SourceVersionDate "2019.10.17"]
[SourceQuality "1"]

1. e4 e5 2. Nf3 Nc6 3. d4 exd4 4. Nxd4 Nf6 5. Nxc6 bxc6 6. e5 Qe7 7. Qe2 Nd5 8. c4 Ba6 9. b3 d6 10. Bb2 Nb6 11. g3 Nd7 12. Bg2 Bb7 13. f4 0-0-0 14. 0-0 h5 15. b4 h4 16. b5 cxb5 17. Bxb7+ Kxb7 18. Qf3+ Kb8 19. g4 dxe5 20. cxb5 Qe6 21. Re1 Qb6+ 22. Kh1 exf4 23. Nc3 Qb7 24. Qc6 Bb4 25. Re4 Bxc3 26. Bxc3 Nb6 27. Bxg7 Rhg8 28. Bf6 Rd6 29. Qxb7+ Kxb7 30. g5 Nd5 31. Rd1 Nxf6 32. Rxd6 Nxe4 33. Rd4 f5 34. gxf6 Nf2# 0-1

[Event "Pardubice Czech op-B 29th"]
[Site "Pardubice"]
[Date "2018.07.20"]
[Round "1"]
[White "Ziemann, Christian"]
[Black "Mulenko, Alexander"]
[Result "0-1"]
[WhiteElo "1881"]
[BlackElo "2109"]
[PlyCount "80"]
[EventDate "2018.07.20"]
[EventType "swiss"]
[EventRounds "9"]
[EventCountry "CZE"]
[SourceTitle "CBM 186 Extra"]
[Source "ChessBase"]
[SourceDate "2018.08.24"]
[SourceVersion "1"]
[SourceVersionDate "2018.08.24"]
[SourceQuality "1"]

1. e4 c5 2. Nf3 g6 3. d4 Bg7 4. Nc3 cxd4 5. Nxd4 Nc6 6. Be3 Nf6 7. Bc4 0-0 8. Bb3 d6 9. h3 Bd7 10. 0-0 Rc8 11. f4 Qa5 12. Nf3 Qh5 13. e5 dxe5 14. fxe5 Nxe5 15. Nxe5 Qxe5 16. Bd4 Qc7 17. Bxf6 Bxf6 18. Rxf6 exf6 19. Nd5 Qe5 20. Qf3 Kg7 21. Qf2 Be6 22. c4 Bxd5 23. cxd5 b6 24. Re1 Qd6 25. h4 Rfe8 26. Rf1 Re5 27. Qf4 Qc5+ 28. Qf2 Rf5 29. Qxc5 Rxf1+ 30. Kxf1 bxc5 31. Ke2 Kf8 32. Kd3 Ke7 33. Kc4 Kd6 34. a3 Rb8 35. g4 Rxb3 36. Kxb3 Kxd5 37. a4 a5 38. Kc3 c4 39. b4 cxb3 40. Kxb3 Kd4 0-1